<?xml version="1.0" encoding="UTF-8"?>
<record
    xmlns:xsi="http://www.w3.org/2001/XMLSchema-instance"
    xsi:schemaLocation="http://www.loc.gov/MARC21/slim http://www.loc.gov/standards/marcxml/schema/MARC21slim.xsd"
    xmlns="http://www.loc.gov/MARC21/slim">

  <leader>01765nam a2200325 i 4500</leader>
  <controlfield tag="003">DO-SdBNP</controlfield>
  <controlfield tag="005">20240305073657.0</controlfield>
  <controlfield tag="007">ta</controlfield>
  <controlfield tag="008">110413s2023    dr o          000 0 spa d</controlfield>
  <datafield tag="020" ind1=" " ind2=" ">
    <subfield code="a">9789945939606</subfield>
  </datafield>
  <datafield tag="040" ind1=" " ind2=" ">
    <subfield code="a">DO-SdBNP</subfield>
    <subfield code="b">spa</subfield>
    <subfield code="c">BNPHU</subfield>
    <subfield code="e">rda</subfield>
  </datafield>
  <datafield tag="041" ind1=" " ind2=" ">
    <subfield code="h">fra.</subfield>
  </datafield>
  <datafield tag="082" ind1=" " ind2=" ">
    <subfield code="b">P489f</subfield>
    <subfield code="2">22</subfield>
  </datafield>
  <datafield tag="100" ind1="1" ind2=" ">
    <subfield code="a">Petitjean Roget, Henry</subfield>
    <subfield code="9">84383</subfield>
  </datafield>
  <datafield tag="245" ind1="1" ind2="0">
    <subfield code="a">Historias de una colecci&#xF3;n arqueol&#xF3;gica : </subfield>
    <subfield code="b">una introducci&#xF3;n al estudio del arte ta&#xED;no /</subfield>
    <subfield code="c">Henry Petitjean Roget ; prefacio Manuel A. Garc&#xED;a Ar&#xE9;valo ; fotos Milka Pasco </subfield>
  </datafield>
  <datafield tag="246" ind1=" " ind2="0">
    <subfield code="a">Histoire d&#xB4; une collection arch&#xE9;ologique :</subfield>
    <subfield code="b">une introduction &#xE1; l&#xB4;&#xE9;tude de l&#xB4;art ta&#xEF;no /</subfield>
  </datafield>
  <datafield tag="264" ind1=" " ind2="1">
    <subfield code="a">Santo Domingo :</subfield>
    <subfield code="b">Fundaci&#xF3;n Nicole &amp; Pierre Domino,</subfield>
    <subfield code="b">Amigo del hogar, </subfield>
    <subfield code="c">2023.</subfield>
  </datafield>
  <datafield tag="300" ind1=" " ind2=" ">
    <subfield code="a">131 p&#xE1;ginas </subfield>
    <subfield code="c">32 cm.</subfield>
    <subfield code="b">fotograf&#xED;as</subfield>
  </datafield>
  <datafield tag="336" ind1=" " ind2=" ">
    <subfield code="2">rdacontent</subfield>
    <subfield code="a">texto</subfield>
    <subfield code="b">txt</subfield>
  </datafield>
  <datafield tag="337" ind1=" " ind2=" ">
    <subfield code="2">rdamedia</subfield>
    <subfield code="a">sin mediaci&#xF3;n </subfield>
    <subfield code="b">n</subfield>
  </datafield>
  <datafield tag="338" ind1=" " ind2=" ">
    <subfield code="2">rdacarrier</subfield>
    <subfield code="a">volumen</subfield>
    <subfield code="b">nc</subfield>
  </datafield>
  <datafield tag="500" ind1=" " ind2=" ">
    <subfield code="a">Libro de pasta dura. </subfield>
  </datafield>
  <datafield tag="504" ind1=" " ind2=" ">
    <subfield code="a">Bibliograf&#xED;as p: 127-131</subfield>
  </datafield>
  <datafield tag="505" ind1="2" ind2=" ">
    <subfield code="t">Prefacio  --</subfield>
    <subfield code="t">A modo e introducci&#xF3;n  --</subfield>
    <subfield code="t">La colecci&#xF3;n ta&#xED;na de la fundaci&#xF3;n Nicole y Pierre Domino --</subfield>
    <subfield code="t">Un poco de historia: al final de una navegaci&#xF3;n, un encuentro  --</subfield>
    <subfield code="t">Asentamientos amerindios precolombinos en las Antillas --</subfield>
    <subfield code="t">Breves aspectos de la sociedad ta&#xED;na --</subfield>
    <subfield code="t">Los temas principales del arte ta&#xED;no --</subfield>
    <subfield code="t">sobre algunas t&#xE9;cnicas de fabricaci&#xF3;n --</subfield>
    <subfield code="t">Foco sobre algunos objetos de la colecci&#xF3;n --</subfield>
    <subfield code="t">&#xC1;lbum de formas y dise&#xF1;os cer&#xE1;micos de la colecci&#xF3;n Nicole y Pierre Domino --</subfield>
    <subfield code="t">En conclusi&#xF3;n --</subfield>
    <subfield code="t">Agradecimientos --</subfield>
    <subfield code="t">Directrices bibliogr&#xE1;ficas --</subfield>
  </datafield>
  <datafield tag="590" ind1=" " ind2=" ">
    <subfield code="a">Inventariado, 2023/ YL</subfield>
  </datafield>
  <datafield tag="700" ind1="1" ind2=" ">
    <subfield code="a">Sili&#xE9;, Rub&#xE9;n,</subfield>
    <subfield code="d">1946-</subfield>
    <subfield code="e">prefacio</subfield>
    <subfield code="9">1421</subfield>
  </datafield>
  <datafield tag="700" ind1=" " ind2=" ">
    <subfield code="a">Pasco, Milka</subfield>
    <subfield code="e">fotograf&#xED;as</subfield>
    <subfield code="9">84384</subfield>
  </datafield>
  <datafield tag="910" ind1=" " ind2=" ">
    <subfield code="a">YLockward</subfield>
  </datafield>
  <datafield tag="942" ind1=" " ind2=" ">
    <subfield code="2">ddc</subfield>
    <subfield code="c">LBS1</subfield>
  </datafield>
  <datafield tag="952" ind1=" " ind2=" ">
    <subfield code="0">0</subfield>
    <subfield code="1">0</subfield>
    <subfield code="2">ddc</subfield>
    <subfield code="5">1</subfield>
    <subfield code="7">0</subfield>
    <subfield code="8">PD</subfield>
    <subfield code="a">BNPHU</subfield>
    <subfield code="b">BNPHU</subfield>
    <subfield code="c">CT</subfield>
    <subfield code="d">2023-07-19</subfield>
    <subfield code="e">Merlin publicidad</subfield>
    <subfield code="l">0</subfield>
    <subfield code="o">BNPHU R-PD P489f</subfield>
    <subfield code="p">2023-6676</subfield>
    <subfield code="r">2023-10-04</subfield>
    <subfield code="w">2023-10-04</subfield>
    <subfield code="y">LBS1</subfield>
  </datafield>
  <datafield tag="952" ind1=" " ind2=" ">
    <subfield code="0">0</subfield>
    <subfield code="1">0</subfield>
    <subfield code="2">ddc</subfield>
    <subfield code="5">1</subfield>
    <subfield code="7">0</subfield>
    <subfield code="8">PD</subfield>
    <subfield code="a">BNPHU</subfield>
    <subfield code="b">BNPHU</subfield>
    <subfield code="c">CT</subfield>
    <subfield code="d">2023-07-19</subfield>
    <subfield code="e">Merlin publicidad</subfield>
    <subfield code="l">0</subfield>
    <subfield code="o">BNPHU R-PD P489f</subfield>
    <subfield code="p">2023-6677</subfield>
    <subfield code="r">2023-10-04</subfield>
    <subfield code="t">e. 2</subfield>
    <subfield code="w">2023-10-04</subfield>
    <subfield code="y">LBS1</subfield>
  </datafield>
  <datafield tag="952" ind1=" " ind2=" ">
    <subfield code="0">0</subfield>
    <subfield code="1">0</subfield>
    <subfield code="2">ddc</subfield>
    <subfield code="5">6</subfield>
    <subfield code="7">0</subfield>
    <subfield code="8">DS</subfield>
    <subfield code="a">BNPHU</subfield>
    <subfield code="b">BNPHU</subfield>
    <subfield code="c">CT</subfield>
    <subfield code="d">2023-07-19</subfield>
    <subfield code="e">Merlin publicidad</subfield>
    <subfield code="l">0</subfield>
    <subfield code="o">BNPHU R-PD P489f</subfield>
    <subfield code="p">2023-6678</subfield>
    <subfield code="r">2023-10-04</subfield>
    <subfield code="t">e. 3</subfield>
    <subfield code="w">2023-10-04</subfield>
    <subfield code="y">LBS1</subfield>
  </datafield>
  <datafield tag="999" ind1=" " ind2=" ">
    <subfield code="c">55079</subfield>
    <subfield code="d">55079</subfield>
  </datafield>
</record>
